[Event "Rodovre-ch C"]
[Site "Rodovre"]
[Date "2006.09.26"]
[Round "4"]
[White "Vestergaard, John"]
[Black "Jessen, Henrik"]
[Result "1-0"]
[WhiteElo "1362"]
[BlackElo "1400"]
[PlyCount "101"]
[EventDate "2006.09.05"]
[EventType "tourn"]
[EventRounds "7"]
[EventCountry "DEN"]
[SourceTitle "EXT 2023"]
[Source "ChessBase"]
[SourceDate "2022.10.05"]
[SourceVersion "1"]
[SourceVersionDate "2022.10.05"]
[SourceQuality "1"]

1. d4 e6 2. c4 c6 3. e4 d6 4. Nf3 h6 5. Be2 Be7 6. 0-0 Nf6 7. e5 Nh7 8. Nc3 0-0 9. Bf4 d5 10. c5 Ng5 11. Bd3 Nxf3+ 12. Qxf3 Bg5 13. Ne2 Bxf4 14. Qxf4 Qg5 15. Qxg5 hxg5 16. f4 gxf4 17. Rxf4 b6 18. b4 Ba6 19. Bxa6 Nxa6 20. a3 bxc5 21. bxc5 Rab8 22. Raf1 Rb3 23. R1f3 Rxf3 24. Rxf3 Rb8 25. h3 Nc7 26. Nc3 Rb3 27. a4 Rb4 28. Rd3 Rc4 29. a5 Na6 30. Ne2 Nc7 31. Nc3 Na6 32. Ne2 Nc7 33. Nc3 Nb5 34. Nxb5 cxb5 35. Kf2 a6 36. Ke3 Kf8 37. Ra3 Ke7 38. g4 Kd7 39. h4 Kc6 40. h5 Rc2 41. Kf3 b4 42. Rb3 Kb5 43. g5 Ka4 44. Rb1 b3 45. Kg3 b2 46. h6 gxh6 47. gxh6 Ka3 48. h7 Rc1 49. Rxb2 Rh1 50. Rh2 Rg1+ 51. Kf2 1-0